Movies Quiz

Random Movies or Letter Quiz

'F' Movies by Picture Quiz Stats

 Plays Quiz Updated Aug 27, 2018

Challenge
Share
Tweet
Score 0/25 Timer 06:00
1 Play Today
Movie % Correct
Fantasia
89%
Forrest Gump
81.1%
The Fighter
76.2%
Frankenstein
73%
Ferris Bueller's Day Off
71.7%
Flashdance
63.2%
Fight Club
61.4%
Fargo
56.9%
The Fifth Element
55.4%
A Few Good Men
55%
Fear and Loathing in Las Vegas
50.9%
The Fugitive
48.9%
Full Metal Jacket
48.3%
Movie % Correct
Fatal Attraction
42.8%
The Firm
39.9%
Flags of our Fathers
39.8%
Fletch
36.4%
Funny People
36.3%
Final Destination
33.9%
The French Connection
28.7%
From Dusk Till Dawn
28.1%
A Fish Called Wanda
28%
From Russia with Love
27.9%
From Here to Eternity
26.1%
For a Few Dollars More
25.6%

You're not logged in!

Compare scores with friends on all Sporcle quizzes.
OR
Log In

You Might Also Like...

Show Comments

Extras

Top Quizzes Today


Score Distribution

Your Account Isn't Verified!

In order to create a playlist on Sporcle, you need to verify the email address you used during registration. Go to your Sporcle Settings to finish the process.

Report this User

Report this user for behavior that violates our Community Guidelines.

Details: